A history of Cambodia / (Record no. 22343)

000 -LEADER
fixed length control field 01355nam a2200169 a 4500
020 ## - INTERNATIONAL STANDARD BOOK NUMBER
ISBN 0813309263 (U.S. : alk. paper)
020 ## - INTERNATIONAL STANDARD BOOK NUMBER
ISBN 1863731156 (Australia : alk. paper)
040 ## - CATALOGING SOURCE
Transcribing agency DLC
082 00 - DEWEY DECIMAL CLASSIFICATION NUMBER
Classification number 959 DAV 1982 C096 Or.
100 1# - MAIN ENTRY--AUTHOR NAME
Personal name Chandler, David P.
245 12 - TITLE STATEMENT
Title A history of Cambodia /
260 ## - PUBLICATION, DISTRIBUTION, ETC. (IMPRINT)
Place of publication Boulder :
Name of publisher Westview Press ;
Place of publication North Sydney, NSW, Australia :
Name of publisher Allen & Unwin,
Year of publication 1992.
300 ## - PHYSICAL DESCRIPTION
Number of Pages xv, 287 p. :
Other physical details ill., maps ;
Dimensions 24 cm.
520 ## - SUMMARY, ETC.
Summary, etc "This thoroughly revised and updated edition of A History of Cambodia provides a timely look at this increasingly visible Southeast Asian nation. Hailed by the Journal of Asian Studies as an "original contribution, superior to any other existing work," the first edition ended in 1953 with Cambodia's independence from France; the second carries the narrative forward to the peace negotiations of 1990. In the new material, Chandler focuses especially on the unstable but influential career of Prince Norodom Sihanouk, the bloody reign of Pol Pot's Khmer Rouge, and the relative calm that followed the Vietnamese invasion of 1979. This concise yet comprehensive work will illuminate--for specialists and general readers alike--the history and contemporary politics of a country long misunderstood."--BOOK JACKET.
856 40 - ELECTRONIC LOCATION AND ACCESS
Uniform Resource Identifier https://archive.org/details/historyofcambodi00chan
942 ## - ADDED ENTRY ELEMENTS (KOHA)
Koha item type ADB
952 ## - LOCATION AND ITEM INFORMATION (KOHA)
Withdrawn status [LOCAL, KOHA] 0
Holdings
Permanent Location Date acquired Koha item type Lost status Shelving location Barcode Current Location Full call number
Library Block C2023-12-06ADB C096a21488Library Block C959 DAV 1982 C096 Or.
មជ្ឈមណ្ឌលឯការនៃសាកលវិទ្យាល័យភូមិន្ទកសិកម្មចំការដូង

Powered by Koha